MDQL
is popping MORE tags! Check the
thread
!
Quizzes
Events
Quiz Creation
Community
Videos
Private Events
Remove Ads
Sign In
Join for FREE
Feedback
Dark Mode
Quiz Categories
Sports
Geography
Music
Movies
Television
Just For Fun
Miscellaneous
History
Literature
Language
Science
Gaming
Entertainment
Religion
Holiday
For Kids
Quiz Lab
Recent
Popular Today
Quiz Kudos Today
Editor Picks
Curator Picks
Quizzes by...
Day
Popularity
Type
Ratings
Length
Year
Community
Subscriptions
Recent Discussions
Orange Saloon
Badges
Playlists
Quests
Create
Leaderboards
Showdown
Live 5
Trivia Bingo
Activity
Puzzle Library
Sporcle Events
Private Events
Virtual Trivia
Globe League
Become a Host
Pub Owners
SporcleCon
Opinionation
Our Games
Videos
Blog
Mobile Apps
Partnerships
Remove Ads and Go Orange
Feedback
Literature
Harry Potter
A Song of Ice and Fire
The Hunger Games
Literary Character
Shakespeare
Book
Author
Novel
Poem
Young Adult
Children's Books
Play
Lord of the Rings
Literature
Harry Potter
A Song of Ice and Fire
The Hunger Games
Literary Character
Shakespeare
Book
Author
Novel
Poem
Young Adult
Children's Books
Play
Lord of the Rings
Random Quiz
Search Sporcle
×
Quiz Lab
Quiz Lab
Literature
Book
Type in answers that appear in a list
Type in answers that appear in a list
Classic
Best Score? Go Orange.
Harry Potter Chain Game Books 1-5 Stats
Can you name the answers?
By
aysee
2m
21 Questions
2,868 Plays
2,868 Plays
2,868 Plays
Comments
Comments
Give Quiz Kudos
Give Quiz Kudos
-
- Ratings
hide this ad
No Skip
Answers have to be entered in order without skipping
Answers have to be entered in order without skipping
Replay
Link that replays current quiz
Next Quiz
Link to next quiz in quiz playlist
You Got
0%
They Got
Avg Score
50%
Avg Friend Score
Upgrade to see
Score Distribution
Jump to the score distribution portion of the page
Score
0/21
Timer
02:00
0
Plays Today
Can you name the
Sure, the answer is
% Correct
?
???
100%
?
???
92.1%
?
???
90%
?
???
83.7%
?
???
79.2%
?
???
77.5%
?
???
50.6%
?
???
50.5%
?
???
50.1%
?
???
49.8%
?
???
39.6%
Can you name the
Sure, the answer is
% Correct
?
???
38.6%
?
???
38.5%
?
???
35%
?
???
32.4%
?
???
28.8%
?
???
27.4%
?
???
25.6%
?
???
25.1%
?
???
23.3%
?
???
21.8%
Quiz Playlist
Details
Report
Send in Message
Add To Playlist
Classic:
Type in answers that appear in a list
No Skip:
Answers have to be entered in order without skipping
Last Updated: Feb 16, 2017
Quiz Scoreboard
CHALLENGE
Sign Up to Join the Scoreboard
Show All
Scores
Hide
Comments
May contain spoilers
Recently Published
Image Sorting: Flags VI
by Barbecue
Geography
2m
Find the 'City' Movie
by crazypaving
Movies
60s
Colored Red Africa Blitz
by spor1
Geography
45s
More to Explore
Quiz From the Vault
Featured Blog Post
14 Easter Pick-up Lines to Find Eggs With
hide this ad
You Might Also Like...
Tags
Book Quiz
Star Wars Quiz
1-5
Chain Game
star
Today's Top Quizzes in Literature
Browse Literature
hide this ad
Today's Top Quizzes in Book
Browse Book
Top Contributed Quizzes in Literature
1
Sneaky Slytherin Logic Puzzle
2
Harry Potter logic puzzle: The Hogwarts Soap Opera
3
Get The Picture: Black or White Literature
4
Harry Potter Slytherin Logic Puzzle
5
'Middle' Earth
6
ASOIAF Siblings Logic Puzzle
7
Logic Puzzle: Avoid Dumbledore's Army
8
A Song of Ice and Fire Logic Puzzle
9
Harry Potter Logic Puzzle 1
10
Quick Pick: Easter in Book Titles
Explore More
Trending Topics
Crossword
Kpop
NBA
Disney
Anime
Harry Potter
Marvel
Soccer
NFL
Puzzle
Pokémon
Song
The Office
WWE
Country
hide this ad
More By:
aysee
Quiz
Plays
Rating
Category
Featured
Created
Spanish Numbers: 1-10
4,114
2.33
Language
Mar 15, 2011
Harry Potter: Nineteen Years Later
3,710
3.00
Literature
Dec 1, 2010
Harry Potter: True or False?
3,271
2.17
Literature
Nov 21, 2010
Harry Potter Chain Game Books 1-5
2,868
2.75
Literature
Oct 21, 2010
Spanish Conjugation of Some -ar Verbs
2,659
3.25
Language
Dec 12, 2010
Go to Creator's Profile
Score Distribution
Quiz Creator Spotlight
aysee
Follow
Send a Message
Quizzes Created
-
Created Quiz Play Count
-
More By This Creator
Popular Quizzes Today
1
Colored Red Africa Blitz
2
Find the US States - No Outlines Minefield
3
Find the 'City' Movie
4
5x2 Blitz: Bands
5
The Countries of the World
6
Find the US States
7
Find the Countries of Europe - No Outlines Minefield
8
US States
More Literature Quizzes
Finish the Famous Snape Quote
Published
Trending Quizzes
Colored Red Europe Blitz I
Colored Red Europe Blitz II
Colored Red Africa Blitz II
Colored Red Europe Blitz III
Colored Red Africa Blitz III
Recently Updated
How Do You Spell That?
pecheneg
Godzilla Movies
pecheneg
Grab Bag: 4-10 Letters
pecheneg
2024 March Madness Bracket
pecheneg
Famous TV Couples
Peacemaker
Champions League XIs: Real Madrid
pecheneg
Largest US Cities 1790-2010
pecheneg
Rides in Walt Disney World
pecheneg
Most Oscar Losses (Acting)
pecheneg
Beyoncé Albums
pecheneg
Trending Topics
Marvel
Disney
Kpop
NBA
Crossword
Anime
Harry Potter
WWE
Song
Country
NFL
The Office
Puzzle
Pokémon
Soccer
Your Account Isn't Verified!
In order to create a playlist on Sporcle, you need to verify the email address you used during registration. Go to your
Sporcle Settings
to finish the process.
Report this User
Report this user for behavior that violates our
Community Guidelines
.
Details:
Send Report
Go to the Sporcle.com Mobile Site →
Comments